00197nam a2200085 4500082001600000245004100016260002700057300000700084650002000091 a658.562 CON aQuality Control of Consumer Products aColombobICHEMC c1981 a50 aConsumer a1981